| 000 | 00879nam a22002417a 4500 | ||
|---|---|---|---|
| 005 | 20240201133928.0 | ||
| 008 | 230622b |||||||| |||| 00| 0 eng d | ||
| 020 | _a9789211130836 | ||
| 040 |
_aCBULib _cCBULib |
||
| 041 | _aeng | ||
| 050 | _aUNCTAD(02)2022/20 | ||
| 099 | _aUNCTAD(02)2022/20 | ||
| 110 | _aUnited Nations Conference on Trade and Development(UNCTAD) | ||
| 245 |
_aCarbon pricing : a development and trade reality check _c/ by United Nations Conference on Trade and Development(UNCTAD) |
||
| 260 |
_aGeneva _bUnited Nations _c2022 |
||
| 300 | _aviiii, 78 pages : illustrations | ||
| 610 | _aUNITED NATIONS CONFERENCE ON TRADE AND DEVELOPMENT(UNCTAD) | ||
| 650 | _aCARBON OFFSETTING | ||
| 650 | _aCARBON TAXES | ||
| 650 | _aGREENHOUSE GAS MITIGATION | ||
| 856 | _uhttps://unctad.org/system/files/official-document/ditctab2022d6_en.pdf | ||
| 942 | _c029 | ||
| 999 |
_c79376 _d79376 |
||